000 00708nam a2200229 a 4500
005 20230310063528.0
008 160603s2013 mx r 000 0 spa d
020 _a9786074952766
035 _aUPN01000211118
049 _aCG
050 4 _aPQ7298.26 R3.7
_bR3.5
100 1 _aPratt, Silvia,
_d1949-
_939812
245 1 0 _aRaíz de la memoria :
_bantología personal : 2000-2004 /
_cSilvia Pratt.
260 _aMéxico :
_bFOEM,
_c2013.
300 _a244 p. +
_e1 CD- ROM ; 4 3/4 plg.
440 0 _aLetras.
_pSumma de días
500 _aEl CD-ROM solicítalo en el mostrador de préstamo
650 4 _aPoesía mexicana
_ySiglo XX
_91285
905 _aLibro
999 _c183219
_d183219